000 00421nam a2200157Ia 4500
008 151021s9999 xx 000 0 und d
020 _a534981755
050 _aQD251.2F491990
245 _a_Organic chemistry(4th ed.)
260 _aUSA Brooks\cole
300 _axxii,1137p;ill.
500 _aIncludes index
650 _a_Organic chemistry
700 _a_Joan s.fessenden
980 _a^d20110118 09:09:41^okorir
999 _c6092
_d6092